Statistics for Countries Joko Widodo has visited

Click here to take the quiz!

General Stats

  • This quiz has been taken 19 times
    (8 since last reset)
  • The average score is 23 of 33

Answer Stats

Continent Countries % Correct
AsiaIndia
100%
AsiaAfghanistan
86%
OceaniaAustralia
86%
North AmericaUnited States of America
86%
EuropeBelgium
86%
AsiaBrunei
86%
EuropeUnited Kingdom
86%
AsiaChina
86%
AsiaJapan
86%
Europethe Netherlands
86%
Asia/ EuropeTurkey
71%
AsiaSouth Korea
71%
AsiaSingapore
71%
Asia/ EuropeRussia
71%
Asiathe Philippines
71%
AsiaPakistan
71%
OceaniaNew Zealand
71%
AsiaMalaysia
71%
AsiaLaos
71%
AsiaIran
71%
EuropeFrance
71%
South AmericaChile
71%
AsiaBangladesh
71%
AsiaVietnam
71%
AsiaPapua New Guinea
57%
EuropeGermany
57%
AsiaThailand
57%
AsiaUnited Arab Emirates
57%
AsiaMyanmar
43%
AsiaQatar
43%
AsiaSaudi Arabia
43%
AsiaSri Lanka
43%
AsiaTimor Leste
29%

Score Distribution

Percentile by Number Answered

Percent of People with Each Score

Your Score History

You have not taken this quiz since the last reset